VA medical centers : further operational improvements could enhance third-party collections : report to the Chairman, Subcommittee on Oversight and Investigations, Committee on Veterans' Affairs, House of Representatives.

Bibliographic Details
Corporate Authors: United States. Government Accountability Office, United States. Department of Veterans Affairs, United States. Congress. House. Committee on Veterans' Affairs. Subcommittee on Oversight and Investigations
Format: Government Document eBook
Language:English
Published: [Washington, D.C.] : U.S. Government Accountability Office, [2004]
Subjects:
Online Access:https://purl.fdlp.gov/GPO/LPS53917

MARC

Tag First Indicator Second Indicator Subfields
LEADER 00000cam a2200000 a 4500
001 in00002003306
005 20211202202550.0
006 m d f
007 cr mn-
008 040922s2004 dcua s f000 0 eng c
035 |a (OCoLC)ocm56555042 
037 |b GAO (202)512-6000 (voice); (202)512-6061 (Fax); (202)512-2537 (TDD)  |f paper copy 
040 |a GPO  |c GPO  |d MvI  |d UtOrBLW 
042 |a pcc 
043 |a n-us--- 
049 |a WWW 
074 |a 0546-D (online) 
086 0 |a GA 1.13:GAO-04-739 
088 |a GAO-04-739 
110 1 |a United States.  |b Government Accountability Office. 
245 1 0 |a VA medical centers :  |b further operational improvements could enhance third-party collections : report to the Chairman, Subcommittee on Oversight and Investigations, Committee on Veterans' Affairs, House of Representatives. 
246 3 |a Veterans Affairs medical centers :  |b further operational improvements could enhance third-party collections 
246 1 7 |a VA billings and collections 
264 1 |a [Washington, D.C.] :  |b U.S. Government Accountability Office,  |c [2004] 
336 |a text  |b txt  |2 rdacontent 
337 |a computer  |b c  |2 rdamedia 
338 |a online resource  |b cr  |2 rdacarrier 
538 |a Mode of access: Internet from GPO Access web site. Address as of 9/16/04: http://frwebgate.access.gpo.gov/cgi-bin/getdoc.cgi?dbname=gao&docid=f:d04739.pdf; current access available via PURL. 
500 |a Title from title screen (viewed on Sept. 16, 2004). 
500 |a "July 2004." 
500 |a Paper version available from: U.S. Government Accountability Office, 441 G St., NW, Rm. LM, Washington, D.C. 20548. 
504 |a Includes bibliographical references. 
500 |a "GAO-04-739." 
500 |a Electronic resource. 
610 1 0 |a United States.  |b Department of Veterans Affairs  |v Rules and practice  |x Evaluation. 
650 0 |a Collecting of accounts  |x Government policy  |z United States. 
710 1 |a United States.  |b Department of Veterans Affairs. 
710 1 |a United States.  |b Congress.  |b House.  |b Committee on Veterans' Affairs.  |b Subcommittee on Oversight and Investigations. 
856 4 0 |u https://purl.fdlp.gov/GPO/LPS53917  |t 0 
999 |a MARS 
999 f f |s 0823b9b6-b5aa-353d-90a1-5b29a8c1d421  |i 81e96c54-699f-34a8-943e-7fc25d54b8b9  |t 0 
952 f f |a Texas A&M University  |b College Station  |c Electronic Resources  |d Available Online  |t 0  |e GA 1.13:GAO-04-739  |h Superintendent of Documents classification 
998 f f |a GA 1.13:GAO-04-739  |t 0  |l Available Online